Statistiques concernant Les Meilleurs buteurs de le Championnat d'Allemagne 2018-2019

Cliquez ici pour prendre le quiz!

Statistiques générales

  • Ce quiz a été pris 27 fois
  • Le résultat moyen est 6 sur 11

Statistiques - réponses

ButsNationalitéClubJoueur% Correct
22PologneFC Bayern MunichRobert Lewandowski
100%
17AllemagneBorussia DortmundMarco Reus
88%
16AllemagneLeipzigTimo Werner
77%
17SerbieEintracht FrancfortLuka Jović
69%
15DanemarkLeipzigYussuf Poulsen
69%
17CroatieTSG HoffenheimAndrej Kramarić
65%
18EspagneBorussia DortmundPaco Alcácer
58%
17Pays-BasVfL WolfsbourgWout Weghorst
27%
15FranceEintracht FrancfortSébastien Haller
23%
17AllemagneBayer LeverkusenKai Havertz
12%
16AlgérieTSG 1899 HoffenheimIshak Belfodil
8%

Distribution des résultats

Percentile par nombre de réponses

% des personnes avec chaque résultat

Votre développement - résultats

Vous n’avez pas pris ce quiz